|
|
|
|
| LEADER |
01362nam a22002892a 4500 |
| 001 |
000247669 |
| 003 |
CZ BrMZK |
| 005 |
20100624202522.0 |
| 007 |
ta |
| 008 |
010825s1984 xr a f cze d |
| 015 |
|
|
|a cnb000021158
|
| 035 |
|
|
|a (OCoLC)39597429
|
| 040 |
|
|
|a BOA001
|b cze
|c BOA002
|
| 100 |
1 |
|
|a Krüss, James,
|d 1926-1997
|7 mzk2002165401
|4 aut
|
| 245 |
1 |
0 |
|a Hosté na Humřím útesu :
|b nová kniha o přáních a snech, o cestách různými kraji a různými dobami, jakož i o dobrodružstvích na vodě, na souši i ve vzduchu /
|c James Krüss ; z něm. orig. přeložila Hana Žantovská ; il. Václav Kabát
|
| 250 |
|
|
|a 1. vyd.
|
| 260 |
|
|
|a Praha :
|b Albatros,
|c 1984
|
| 300 |
|
|
|a 156 s.
|
| 490 |
1 |
|
|a Knižnice nositelů ceny Hanse Christiana Andersena
|
| 765 |
0 |
|
|t Gäste auf dem Hummerklippen
|9 Česky
|
| 700 |
1 |
|
|a Žantovská, Hana,
|d 1921-2004
|7 jk01153041
|4 com
|4 wfw
|4 ann
|
| 830 |
|
0 |
|a Knižnice nositelů ceny Hanse Christiana Andersena
|0 s
|
| 856 |
4 |
1 |
|u http://www.digitalniknihovna.cz/mzk/uuid/uuid:3d0357d0-3636-11e3-8d9d-005056827e51
|y Digitalizovaný dokument
|x NDK
|
| 910 |
|
|
|a BOA001
|b PK-0098.581
|b 2-0881.184
|
| 990 |
|
|
|a BK
|
| 996 |
7 |
|
|b 2619381856
|c 2-0881.184
|l MZK
|r Sklad / do 1 hodiny
|n 0
|w 000247669
|u 000020
|a 1
|e BOA001
|j MZK50
|s A
|
| 996 |
7 |
|
|b 3119913796
|c PK-0098.581
|l MZK
|r Sklad / do 1 hodiny
|n 1
|w 000247669
|u 000010
|a 1
|e BOA001
|j MZK50
|s A
|